Statistics for Trace the Border of Russia

Click here to take the quiz!

General Stats

  • This quiz has been taken 266 times
  • The average score is 13 of 20

Answers on the Map

Answers color-coded by a green-red scale on the quiz's map according to % correct below.
 

Answer Stats

Answer% Correct
Finland
100%
Norway
99%
Baltic Sea
86%
Estonia
83%
Latvia
82%
Belarus
76%
Ukraine
75%
Black Sea
66%
Georgia
63%
Azerbaijan
62%
Kazakhstan
61%
Caspian Sea
60%
China
60%
Mongolia
58%
China
56%
North Korea
54%
Oceans
51%
Lithuania
37%
Poland
36%
Baltic Sea
34%

Score Distribution

Percentile by Number Answered

Percent of People with Each Score

Your Score History

You have not taken this quiz